000 01052nam a22003137a 4500
001 000478
003 DO-SdBNP
005 20171208112224.0
007 000478
008 160906b 2011 sp ||||| |||| 00| 0 spa d
020 _a9788483652107
040 _aBPMSU
_bspa
_cBPMSU
041 1 7 _aspa
_heng
082 _a940.53
_bA496p
100 1 _aAmbrose, Hugh
240 1 0 _aThe Pacific.
_lEspañol
245 1 0 _aThe Pacific /
_cHugh Ambrose ; traducción, Martin Simonson.
260 _aMadrid :
_bSuma de Letras,
_c2011.
300 _a740 p. :
_bil., mapas ;
_c24 cm.
500 _aTítulo original: The Pacific
504 _aIncluye referencias bibliográficas y notas al pie de las páginas
650 4 _aGUERRA MUNDIAL II,
_y1939-1944
_xCAMPAÑAS
_zÁREA DEL PACÍFICO
650 4 _aMARINA DE GUERRA
_zESTADOS UNIDOS
_xBIOGRAFÍA
700 1 2 _aSimonson, Martin
_etr.
910 _aValidado. Control de calidad MFF
942 _2ddc
_cBK
945 _aInventariado extranjero / 2017 YL
956 _2LOPEREZ
_310
_620160906
_8BPMSU
_a00041
999 _c11342
_d11342